Представление документа в формате RUSMARC

ПолеНазваниеЗначение
  Тип записи a
  Библиографический уровень m
001 Контрольный номер a9200c9640ef45969fc0eccceec8e4af
005 Дата корректировки 20140708133956.6
010 Индекс ISBN __
a ISBN 5-7611-0236-6
200 Заглавие и сведения об ответственности 1_
a Заглавие Русский язык
e Сведения, относящиеся к заглавию курс практ.грамотности для старшеклассников и абитуриентов
f Первые сведения об ответственности Громов, Сергей Анатольевич
205 Сведения об издании __
b Дополнительные сведения об издании 11-е изд.
210 Выходные данные 1_
a Место издания М.
c Издательство Моск.лицей
d Дата издания 2002
215 Физическое описание __
a Объем 298 с.
610 Ключевые слова 0_
a Ключевые слова русский язык
686 Индексы других классификаций __
a Классификационный индекс 81.411.2
2 Код системы rubbk
686 Индексы других классификаций __
a Классификационный индекс 81.411.2-922
2 Код системы rubbk
700 Автор _1
a Фамилия Громов, Сергей Анатольевич
801 Источник записи _0
a Страна RU
b Организация РУК
c Дата составления 20041022
g Правила каталогизации PSBO
801 Источник записи _1
a Страна RU
b Организация РУК
c Дата составления 20041022
g Правила каталогизации PSBO
852 Данные о местонахождении __
i Авторский знак Г87
j Шифр хранения ББК 81.411.2
901 Тип документа __
t Тип документа m
938 Служебная информация __
a Название организации Головной вуз
b Имя БД BOOK
c Название АИБС АИБС ИРБИС